Pest megye települései - Statistics

General Stats
  • This quiz has been taken 79 times
  • The average score is 66 of 187
Answer Stats
Válaszok % Correct
Érd
84%
Vác
84%
Göd
82%
Dunakeszi
80%
Pilis
80%
Budakeszi
79%
Gödöllő
75%
Budaörs
74%
Szentendre
74%
Szigetszentmiklós
72%
Vecsés
72%
Fót
69%
Cegléd
64%
Monor
64%
Veresegyház
64%
Visegrád
62%
Dunaharaszti
61%
Pomáz
61%
Pilisvörösvár
59%
Szob
59%
Törökbálint
59%
Aszód
57%
Budakalász
57%
Dabas
57%
Albertirsa
56%
Biatorbágy
56%
Nagymaros
56%
Piliscsaba
56%
Ráckeve
56%
Diósd
54%
Szigethalom
54%
Gyál
52%
Kistarcsa
52%
Maglód
52%
Ócsa
52%
Tök
52%
Vácrátót
52%
Kerepes
51%
Monorierdő
51%
Nagytarcsa
51%
Mogyoród
49%
Pécel
49%
Tura
49%
Abony
48%
Csömör
48%
Kismaros
48%
Százhalombatta
48%
Bag
46%
Gyömrő
46%
Leányfalu
46%
Szada
46%
Tahitótfalu
46%
Tököl
46%
Üllő
46%
Bugyi
44%
Ceglédbercel
44%
Isaszeg
44%
Pilisszentkereszt
44%
Zsámbék
44%
Alsónémedi
41%
Halásztelek
41%
Pilisborosjenő
41%
Solymár
41%
Tárnok
41%
Üröm
41%
Zebegény
41%
Inárcs
39%
Őrbottyán
39%
Páty
39%
Pilisszentlászló
39%
Sződ
39%
Verőce
39%
Dunavarsány
38%
Erdőkertes
38%
Nagykáta
38%
Dunabogdány
36%
Herceghalom
36%
Nagykőrös
36%
Nagykovácsi
36%
Sülysáp
36%
Sződliget
36%
Kemence
34%
Kisoroszi
34%
Szigetszentmárton
34%
Váchartyán
34%
Dömsöd
33%
Ecser
33%
Galgahévíz
33%
Kiskunlacháza
33%
Tápiószecső
33%
Vácduka
33%
Budajenő
31%
Csobánka
31%
Csomád
31%
Szigetmonostor
31%
Zsámbok
31%
Délegyháza
30%
Galgagyörk
30%
Gomba
30%
Sóskút
30%
Telki
30%
Vácszentlászló
30%
Csörög
28%
Dány
28%
Hévízgyörk
28%
Iklad
28%
Örkény
28%
Péteri
28%
Pilisszentiván
28%
Szigetcsép
28%
Taksony
28%
Tápióbicske
28%
Tápiószentmárton
28%
Domony
26%
Felsőpakony
26%
Galgamácsa
26%
Kakucs
26%
Tápiószele
26%
Vácegres
26%
Áporka
25%
Kóka
25%
Kóspallag
25%
Márianosztra
25%
Mende
25%
Perbál
25%
Tápióság
25%
Valkó
25%
Kartal
23%
Szigetbecse
23%
Szokolya
23%
Váckisújfalu
23%
Acsa
21%
Csemő
21%
Csévharaszt
21%
Farmos
21%
Hernád
21%
Kosd
21%
Lórév
21%
Nagybörzsöny
21%
Nyáregyháza
21%
Pilisjászfalu
21%
Pilisszántó
21%
Pusztazámor
21%
Szigetújfalu
21%
Tápiószőlős
21%
Újhartyán
21%
Apaj
20%
Bénye
20%
Dánszentmiklós
20%
Makád
20%
Penc
20%
Püspökszilágy
20%
Rád
20%
Szentmártonkáta
20%
Táborfalva
20%
Tóalmás
20%
Verseg
20%
Újszilvás
18%
Vámosmikola
18%
Bernecebaráti
16%
Káva
16%
Pánd
16%
Pusztavacs
16%
Tápiógyörgye
16%
Tinnye
16%
Újlengyel
16%
Úri
16%
Vasad
16%
Csővár
15%
Letkés
15%
Majosháza
15%
Püspökhatvan
15%
Ipolydamásd
13%
Ipolytölgyes
13%
Jászkarajenő
13%
Kőröstetétlen
13%
Mikebuda
13%
Nyársapát
13%
Perőcsény
13%
Remeteszőlős
13%
Szentlőrinckáta
13%
Tésa
13%
Törtel
13%
Kocsér
11%
Tatárszentgyörgy
11%
Kisnémedi
10%
Pócsmegyer
10%
No matching quizzes found
Score Distribution
Percent of People with Each Score
Percentile by Number Answered
Your Score History
You have not taken this quiz